[Event "Polugaevsky Memorial 2016"]
[Site "Samara RUS"]
[Date "2016.07.10"]
[Round "8.4"]
[White "Lintchevski, Daniil"]
[Black "Konovalov, Nikolay"]
[Result "0-1"]
[WhiteTitle "GM"]
[BlackTitle "IM"]
[WhiteElo "2548"]
[BlackElo "2444"]
[WhiteFideId "4171055"]
[BlackFideId "4170962"]
[EventDate "2016.07.03"]

1. e4 g6 2. d4 Bg7 3. Nc3 a6 4. a4 d6 5. Nge2 Nd7 6. g3 c5 7. dxc5 Nxc5 8. Bg2
Nf6 9. O-O O-O 10. a5 Rb8 11. Be3 Bd7 12. b4 Ne6 13. Nd5 Nxd5 14. exd5 Bxa1 15.
dxe6 Bb5 16. Bd5 Bg7 17. exf7+ Kh8 18. Nf4 Bxf1 19. Ne6 Qd7 20. Nxf8 Rxf8 21.
Qxf1 e6 22. Qh3 Qxf7 23. Bxe6 Qf3 24. c4 Qd1+ 25. Kg2 Bd4 26. Qg4 Qxg4 27. Bxg4
Bxe3 28. fxe3 Rb8 29. c5 dxc5 30. bxc5 Re8 31. Bf3 Re7 32. Kf2 Rc7 33. c6 bxc6
34. Be2 Re7 35. Bxa6 Ra7 36. Bd3 Rxa5 37. h4 Kg7 38. Kf3 Kf6 39. Kf4 h6 0-1

[Event "Polugaevsky Memorial 2016"]
[Site "Samara RUS"]
[Date "2016.07.10"]
[Round "8.5"]
[White "Drygalov, Sergey"]
[Black "Matinian, Nikita"]
[Result "1/2-1/2"]
[BlackTitle "IM"]
[WhiteElo "2400"]
[BlackElo "2489"]
[WhiteFideId "24171743"]
[BlackFideId "24129100"]
[EventDate "2016.07.03"]

1. d4 f5 2. c4 Nf6 3. Nf3 g6 4. g3 Bg7 5. Bg2 O-O 6. O-O d6 7. Nc3 c6 8. Rb1 Qe8
9. d5 Na6 10. b4 Bd7 11. dxc6 Bxc6 12. b5 Bxf3 13. Bxf3 Nc5 14. Be3 Nfd7 15. Na4
Nxa4 16. Qxa4 Qc8 17. Qb4 Kh8 18. Rbc1 Nc5 19. a4 a5 20. bxa6 Rxa6 21. Bxc5 dxc5
22. Qb5 b6 23. Qc6 Qxc6 24. Bxc6 Be5 25. Rfd1 Bd6 26. e3 Kg7 27. Rb1 Rb8 28. Rd3
b5 29. Rxb5 Rxc6 30. Rxd6 exd6 31. Rxb8 Ra6 32. a5 Rxa5 33. Rb7+ Kf6 34. Rxh7
Ra4 35. Rd7 Ke6 36. Rg7 Kf6 37. Rd7 Ke6 38. Rg7 Kf6 39. Rd7 Ke6 40. Rg7 Kf6 41.
Rd7 Ke5 1/2-1/2

[Event "Polugaevsky Memorial 2016"]
[Site "Samara RUS"]
[Date "2016.07.10"]
[Round "8.6"]
[White "Nozdrachev, Vladislav"]
[Black "Sanzhaev, Darsen"]
[Result "1-0"]
[WhiteTitle "IM"]
[BlackTitle "FM"]
[WhiteElo "2455"]
[BlackElo "2363"]
[WhiteFideId "24113441"]
[BlackFideId "24120030"]
[EventDate "2016.07.03"]

1. e4 e5 2. Bc4 Nc6 3. Nc3 Nf6 4. d3 Bc5 5. f4 exf4 6. Bxf4 d6 7. Nf3 Bg4 8. Qd2
Bxf3 9. gxf3 Nh5 10. Bg5 Ne5 11. O-O-O f6 12. Be3 Nxf3 13. Qe2 Bxe3+ 14. Qxe3
Ne5 15. Be6 g5 16. d4 Nf4 17. dxe5 Nxe6 18. exd6 O-O 19. e5 c6 20. Ne4 fxe5 21.
Qb3 Rf6 22. Nxf6+ Qxf6 23. Rhf1 1-0

[Event "Polugaevsky Memorial 2016"]
[Site "Samara RUS"]
[Date "2016.07.10"]
[Round "8.7"]
[White "Oganian, Miran"]
[Black "Gutenev, Alexander"]
[Result "1/2-1/2"]
[WhiteTitle "IM"]
[BlackTitle "FM"]
[WhiteElo "2433"]
[BlackElo "2398"]
[WhiteFideId "4122488"]
[BlackFideId "4195540"]
[EventDate "2016.07.03"]

1. d4 Nf6 2. c4 g6 3. Nc3 d5 4. Bf4 Bg7 5. e3 O-O 6. Nf3 c5 7. dxc5 Qa5 8. Rc1
dxc4 9. Bxc4 Qxc5 10. Bb3 Nc6 11. O-O Qa5 12. h3 Bf5 13. Qe2 Ne4 14. g4 Nxc3 15.
bxc3 Bd7 16. Rfd1 Rfd8 17. Bxf7+ Kxf7 18. Ng5+ Ke8 19. Qc4 e6 20. Rxd7 Rxd7 21.
Qxe6+ Re7 22. Qg8+ Bf8 23. Nxh7 Rxh7 24. Qxh7 Ne7 25. Bd6 Qxa2 26. Bxe7 Bxe7 27.
Qxg6+ Kf8 28. Rb1 Qd5 29. c4 Qc6 30. Qh7 Rd8 31. Qh8+ Kf7 32. Qh7+ Kf8 33. Qh8+
Kf7 34. Qh7+ Kf8 35. Qh8+ Kf7 36. Qh7+ Ke8 1/2-1/2

[Event "Polugaevsky Memorial 2016"]
[Site "Samara RUS"]
[Date "2016.07.10"]
[Round "8.8"]
[White "Murtazin, Bulat"]
[Black "Yanchenko, Roman"]
[Result "1-0"]
[WhiteTitle "FM"]
[BlackTitle "FM"]
[WhiteElo "2362"]
[BlackElo "2414"]
[WhiteFideId "24151351"]
[BlackFideId "4137329"]
[EventDate "2016.07.03"]

1. d4 d5 2. c4 c6 3. Nf3 Nf6 4. Nc3 g6 5. e3 Bg7 6. Be2 O-O 7. O-O Bg4 8. h3
Bxf3 9. Bxf3 e6 10. Qb3 Qb6 11. Rd1 Nbd7 12. e4 dxe4 13. Nxe4 Nxe4 14. Bxe4 Rad8
15. Be3 f5 16. Qxb6 Nxb6 17. c5 Nc8 18. Bc2 f4 19. Bd2 Rxd4 20. Bb3 Kf7 21. g3
g5 22. gxf4 gxf4 23. Kg2 Ne7 24. Bc3 Rxd1 25. Rxd1 Bxc3 26. bxc3 Rg8+ 27. Kf3
Rg5 28. Rd7 Rxc5 29. Rxb7 Rxc3+ 30. Kxf4 a5 31. Ke5 Rf3 32. Bxe6+ Kf8 33. Ra7
Rxf2 34. Rxa5 Re2+ 35. Kd6 Rd2+ 36. Kc5 Kg7 37. Ra7 Kf6 38. Bc4 Rh2 39. a4 Rxh3
40. a5 Ra3 41. a6 Ra5+ 42. Kb4 Ra1 43. Rb7 h5 44. Kc5 h4 45. Rb2 h3 46. Rh2 Ra3
47. Kb6 Nd5+ 48. Kb7 Kg5 49. a7 Rxa7+ 50. Kxa7 Kg4 51. Bf1 Nf4 52. Ba6 Kg3 53.
Rh1 Nd5 54. Bd3 Nf6 55. Bc2 Ng4 56. Rb1 c5 57. Be4 Ne3 58. Rc1 Kf4 59. Bb7 c4
60. Kb6 h2 61. Kc5 Kg3 62. Kd4 Kf2 63. Rh1 Nf5+ 64. Kc3 Kg3 65. Ba8 Nd6 66. Kd4
Nc8 67. Bb7 Nd6 68. Bc6 Nf7 69. Rf1 Nh6 70. Kxc4 Ng4 71. Kb3 Nf2 72. Kc2 Nh3 73.
Kd2 Nf4 74. Ba8 Ng2 75. Ra1 Kf2 76. Rb1 Ne3 77. Kd3 Nf1 78. Ra1 Ng3 79. Ra2+ Ke1
80. Rxh2 Nf5 81. Be4 Nd6 82. Rh6 Nf7 83. Rh5 Nd6 84. Rd5 Ne8 85. Ke3 Nf6 86. Rg5 1-0

[Event "Polugaevsky Memorial 2016"]
[Site "Samara RUS"]
[Date "2016.07.10"]
[Round "8.9"]
[White "Karpenko, Artem"]
[Black "Palachev, Petr"]
[Result "1/2-1/2"]
[WhiteTitle "FM"]
[BlackTitle "FM"]
[WhiteElo "2321"]
[BlackElo "2408"]
[WhiteFideId "24175595"]
[BlackFideId "24129003"]
[EventDate "2016.07.03"]

1. d4 Nf6 2. c4 e6 3. g3 d5 4. Bg2 Bb4+ 5. Nd2 O-O 6. Nf3 dxc4 7. Qc2 a5 8. O-O
b5 9. a4 c6 10. e4 Nbd7 11. Rd1 Bb7 12. e5 Nd5 13. Ne4 f5 14. exf6 gxf6 15. Qe2
Kh8 16. Nh4 Rg8 17. f4 Qe7 18. f5 e5 19. Qh5 exd4 20. Ng6+ Rxg6 21. fxg6 d3 22.
Rf1 Rg8 23. g7+ Qxg7 24. Bh3 Qe7 25. Bf5 Ne5 26. Bh6 Ng4 27. Rf3 Nxh6 28. Qxh6
bxa4 29. Raf1 Qg7 30. Qh4 Rf8 31. Be6 Be7 32. Nd2 a3 33. Qxc4 axb2 34. Rb1 Bb4
35. Qxd3 f5 36. Nc4 Ba6 37. Rxf5 Rxf5 38. Bxf5 Qf7 39. Qd4+ Qg7 40. Qxg7+ Kxg7
41. Nxb2 Nc3 42. Ra1 Ne2+ 43. Kf2 Bc3 44. Rb1 Bd4+ 45. Ke1 Bc3+ 46. Kf2 Bd4+ 1/2-1/2

[Event "Polugaevsky Memorial 2016"]
[Site "Samara RUS"]
[Date "2016.07.11"]
[Round "9.1"]
[White "Rozum, Ivan"]
[Black "Utegaliyev, Azamat"]
[Result "1/2-1/2"]
[WhiteTitle "GM"]
[WhiteElo "2581"]
[BlackElo "2494"]
[WhiteFideId "24104272"]
[BlackFideId "13702467"]
[EventDate "2016.07.03"]

1. d4 Nf6 2. c4 c6 3. Nf3 d5 4. e3 Bf5 5. Nc3 e6 6. Nh4 Bg6 7. Qb3 Qb6 8. Nxg6
hxg6 9. Bd2 Nbd7 10. Bd3 Be7 11. Qc2 O-O 12. O-O e5 13. dxe5 Nxe5 14. cxd5 cxd5
15. Rfd1 Rfd8 16. Be1 Rac8 17. Be2 a6 18. Qb3 Qxb3 19. axb3 Bc5 20. Rac1 Rc6 21.
Kf1 g5 22. h3 Ba7 23. b4 b5 24. Na2 Rcd6 25. Rc7 Bb6 26. Rb7 d4 27. exd4 Bxd4
28. Nc3 Rc8 29. Ra1 Nc4 30. Bxc4 Rxc4 31. Rb8+ Kh7 32. Ra8 Rcc6 33. Rd1 Kg6 34.
g3 Kf5 35. Rf8 Rd7 36. Ra8 Bxc3 37. Rxd7 Bxe1 38. Rxf7 Bxb4 39. Rxg7 Bd2 40. Kg2
Bc1 41. b3 Nd5 42. Rd7 Ke6 43. Rg7 Ke5 44. h4 gxh4 45. gxh4 Bh6 46. Rga7 Nb4 47.
h5 Rf6 48. Kg3 Kf5 49. Rd7 Bf4+ 50. Kh4 Bg5+ 51. Kg3 Rh6 52. Rd4 Be7 53. Rf4+
Ke5 54. Ra7 Bc5 55. Raf7 Rxh5 56. Kg4 Rh6 57. Kg5 Re6 58. Rd7 Rg6+ 59. Kxg6 Kxf4
60. Rf7+ Ke4 61. f3+ Kd4 62. f4 Nd5 63. Kf5 Be7 64. Ke6 Ke4 65. f5 Bc5 66. Rd7
Nf4+ 67. Kf6 Bd4+ 68. Kg5 Nd5 69. Rd6 a5 70. Ra6 Bc3 71. Re6+ Be5 72. Ra6 Bc3
73. Re6+ Kd4 74. f6 Bd2+ 75. Kf5 Nxf6 76. Rxf6 Kc3 77. Rb6 b4 78. Rb5 Kxb3 79.
Rxa5 Kc4 80. Ra4 Kb5 81. Rxb4+ Bxb4 82. Ke4 1/2-1/2

[Event "Polugaevsky Memorial 2016"]
[Site "Samara RUS"]
[Date "2016.07.11"]
[Round "9.2"]
[White "Konovalov, Nikolay"]
[Black "Demidov, Mikhail"]
[Result "0-1"]
[WhiteTitle "IM"]
[BlackTitle "IM"]
[WhiteElo "2444"]
[BlackElo "2514"]
[WhiteFideId "4170962"]
[BlackFideId "4197143"]
[EventDate "2016.07.03"]

1. c4 e5 2. g3 Nc6 3. Bg2 Bc5 4. Nc3 d6 5. e3 a6 6. Nge2 Ba7 7. O-O h5 8. d4 h4
9. c5 Nf6 10. cxd6 Qxd6 11. dxe5 Qxe5 12. Qa4 Bd7 13. Qf4 hxg3 14. Qxe5+ Nxe5
15. hxg3 O-O-O 16. b3 Nfg4 17. Rd1 Rh2 18. Kf1 Rdh8 19. Ng1 Bc6 20. f3 Rxg2 21.
Kxg2 Rh2+ 22. Kf1 Nxf3 23. Nxf3 Bxf3 24. Ke1 Nxe3 25. Bxe3 Bxe3 0-1

[Event "Polugaevsky Memorial 2016"]
[Site "Samara RUS"]
[Date "2016.07.11"]
[Round "9.3"]
[White "Yudin, Sergei"]
[Black "Nozdrachev, Vladislav"]
[Result "1/2-1/2"]
[WhiteTitle "GM"]
[BlackTitle "IM"]
[WhiteElo "2531"]
[BlackElo "2455"]
[WhiteFideId "4159659"]
[BlackFideId "24113441"]
[EventDate "2016.07.03"]

1. e4 e5 2. Nf3 Nc6 3. Bc4 Bc5 4. d3 Nf6 5. O-O a6 6. c3 Ba7 7. Bb3 d6 8. Nbd2
O-O 9. h3 Kh8 10. Nc4 Ne7 11. Be3 b5 12. Ncd2 Ng6 13. a4 c6 14. Re1 Nh5 15. axb5
cxb5 16. Bd5 Bxe3 17. Rxe3 Ra7 18. Nxe5 dxe5 19. Qxh5 f5 20. Nf3 Nf4 21. Qh4 Qd6
22. Bb3 Ng6 23. Qh5 Nf4 24. Qh4 Ng6 25. Qh5 Nf4 26. Qh4 1/2-1/2

[Event "Polugaevsky Memorial 2016"]
[Site "Samara RUS"]
[Date "2016.07.11"]
[Round "9.4"]
[White "Ofitserian, Boris"]
[Black "Murtazin, Bulat"]
[Result "1/2-1/2"]
[WhiteTitle "FM"]
[BlackTitle "FM"]
[WhiteElo "2304"]
[BlackElo "2362"]
[WhiteFideId "24199443"]
[BlackFideId "24151351"]
[EventDate "2016.07.03"]

1. d4 Nf6 2. c4 e6 3. g3 d5 4. Bg2 Be7 5. Nf3 O-O 6. O-O dxc4 7. Qc2 a6 8. Qxc4
b5 9. Qc2 Bb7 10. Bd2 Be4 11. Qc1 Bb7 12. Qc2 Be4 13. Qc1 Bb7 14. Qc2 Be4 15.
Qc1 1/2-1/2

[Event "Polugaevsky Memorial 2016"]
[Site "Samara RUS"]
[Date "2016.07.11"]
[Round "9.5"]
[White "Palachev, Petr"]
[Black "Stukopin, Andrey"]
[Result "1/2-1/2"]
[WhiteTitle "FM"]
[BlackTitle "GM"]
[WhiteElo "2408"]
[BlackElo "2595"]
[WhiteFideId "24129003"]
[BlackFideId "24107131"]
[EventDate "2016.07.03"]

1. d4 Nf6 2. c4 e6 3. Nf3 d5 4. Nc3 dxc4 5. e4 Bb4 6. Bxc4 Nxe4 7. O-O Nxc3 8.
bxc3 Be7 9. Ne5 Nc6 10. Qg4 O-O 11. Re1 f5 12. Qf3 Nxe5 13. Rxe5 Kh8 14. Bf4 g5
15. Bd2 Bd6 16. Rae1 Bxe5 17. Rxe5 Qf6 18. h4 gxh4 19. Bf4 c6 20. Qh5 Rg8 21.
Rxf5 Qxf5 22. Be5+ Qxe5 23. dxe5 Bd7 24. Qxh4 Rg7 25. Qf6 Re8 26. f3 b5 27. Bd3
c5 28. Kf2 Kg8 29. Qh6 a5 30. a3 Rc8 31. Qf4 Bc6 32. Qh6 Bd7 33. Qf4 Bc6 34. Qh6
Bd7 35. Qf4 1/2-1/2

[Event "Polugaevsky Memorial 2016"]
[Site "Samara RUS"]
[Date "2016.07.11"]
[Round "9.6"]
[White "Fedorov, Alexei"]
[Black "Oganian, Miran"]
[Result "1/2-1/2"]
[WhiteTitle "GM"]
[BlackTitle "IM"]
[WhiteElo "2565"]
[BlackElo "2433"]
[WhiteFideId "13500465"]
[BlackFideId "4122488"]
[EventDate "2016.07.03"]

1. e4 c5 2. Nf3 d6 3. d4 cxd4 4. Nxd4 Nf6 5. Nc3 a6 6. Bc4 e6 7. a3 b5 8. Ba2
Be7 9. O-O O-O 10. Be3 Bd7 11. f4 Nc6 12. f5 Nxd4 13. Bxd4 exf5 14. exf5 Bc6 15.
Qd3 Qd7 16. Rad1 Rad8 17. Qg3 Rfe8 18. Nd5 Bxd5 19. Bxd5 Kf8 20. Rd3 Rb8 21. Qf3
Nxd5 22. Qxd5 Bf6 23. Bxf6 gxf6 24. Rh3 Re5 25. Qd3 Rc8 26. Rxh7 Ke7 27. Rh3 Qc6
28. c3 Rg8 29. Rhf3 Rg4 30. h3 Rge4 31. R3f2 Re3 32. Qd4 R5e4 33. Qa7+ Kf8 34.
Rd1 Re2 35. Qb8+ Ke7 36. Qa7+ Kf8 37. Rd2 Re1+ 38. Kh2 R4e3 39. Qb8+ Ke7 40.
Qa7+ Kf8 41. Qd4 Ke7 42. Rf1 Rxh3+ 43. Kxh3 Rxf1 44. Re2+ Kf8 45. Qxf6 Rh1+ 46.
Kg3 Qc7 47. Re3 d5+ 48. Qe5 Qxe5+ 49. Rxe5 Rb1 50. Rxd5 Rxb2 51. f6 Kg8 52. Rg5+
Kf8 53. Rc5 Kg8 54. Kf3 Ra2 55. Rg5+ 1/2-1/2

[Event "Polugaevsky Memorial 2016"]
[Site "Samara RUS"]
[Date "2016.07.11"]
[Round "9.7"]
[White "Gutenev, Alexander"]
[Black "Predke, Alexandr"]
[Result "0-1"]
[WhiteTitle "FM"]
[BlackTitle "GM"]
[WhiteElo "2398"]
[BlackElo "2540"]
[WhiteFideId "4195540"]
[BlackFideId "24107581"]
[EventDate "2016.07.03"]

1. e4 e5 2. Nf3 Nc6 3. Bb5 a6 4. Ba4 d6 5. c3 g6 6. d4 Bd7 7. O-O Bg7 8. d5 Nce7
9. Bxd7+ Qxd7 10. c4 h6 11. Nc3 f5 12. Ne1 b5 13. Qb3 fxe4 14. cxb5 Nf6 15. bxa6
Rxa6 16. Nc2 c5 17. Ne3 O-O 18. Qc4 Qa7 19. a3 Nf5 20. Nxe4 Nxe4 21. Qxe4 Ra4
22. Qc2 e4 23. Rb1 Nd4 24. Qd1 Qa6 25. Re1 Qd3 26. Bd2 Ra7 27. Nf1 Raf7 28. Be3
Nc2 29. Re2 Nxe3 30. Nxe3 Bd4 31. Rd2 Qxe3 32. fxe3 Bxe3+ 33. Kh1 Bxd2 34. Qe2
Rf2 35. Qc4 e3 36. Qd3 Kg7 37. h3 R8f4 38. Kg1 c4 39. Qc2 Ba5 40. Qa4 e2 41. Kh2
Rf1 42. Qe8 Rxb1 43. Qe7+ Rf7 44. Qxe2 c3 45. b4 Rc7 0-1

[Event "Polugaevsky Memorial 2016"]
[Site "Samara RUS"]
[Date "2016.07.11"]
[Round "9.8"]
[White "Matinian, Nikita"]
[Black "Karpenko, Artem"]
[Result "1-0"]
[WhiteTitle "IM"]
[BlackTitle "FM"]
[WhiteElo "2489"]
[BlackElo "2321"]
[WhiteFideId "24129100"]
[BlackFideId "24175595"]
[EventDate "2016.07.03"]

1. e4 e5 2. Nf3 Nc6 3. Bb5 a6 4. Ba4 Nf6 5. O-O Be7 6. d3 b5 7. Bb3 d6 8. a4 Bg4
9. c3 Na5 10. Bc2 b4 11. Nbd2 Rb8 12. d4 c5 13. h3 Bxf3 14. Qxf3 O-O 15. Qe2 Qb6
16. dxe5 dxe5 17. Bd3 Ra8 18. Nc4 Nxc4 19. Bxc4 bxc3 20. bxc3 Qa5 21. Rd1 Rfb8
22. Rd3 Rb6 23. f4 Ra7 24. fxe5 Nd7 25. Bf4 Nf8 26. Qg4 Ra8 27. e6 Nxe6 28. Be5
g6 29. Rd7 Re8 30. Rxe7 Rxe7 31. Qh4 Reb7 32. Qf6 Kf8 33. Rd1 Ke8 34. Qh8+ Nf8
35. Bg7 1-0

[Event "Polugaevsky Memorial 2016"]
[Site "Samara RUS"]
[Date "2016.07.11"]
[Round "9.9"]
[White "Mokshanov, Alexey"]
[Black "Drygalov, Sergey"]
[Result "1-0"]
[WhiteTitle "IM"]
[WhiteElo "2419"]
[BlackElo "2400"]
[WhiteFideId "24121657"]
[BlackFideId "24171743"]
[EventDate "2016.07.03"]

1. e4 c5 2. Nf3 e6 3. c3 Nf6 4. e5 Nd5 5. Bc4 d6 6. d4 cxd4 7. cxd4 Nc6 8. O-O
Be7 9. Qe2 O-O 10. Rd1 Na5 11. Bd3 Nb4 12. exd6 Qxd6 13. Be4 f5 14. Bd3 Nxd3 15.
Qxd3 Bd7 16. Nc3 Rac8 17. Ne5 Be8 18. Bf4 g5 19. Qg3 Qd8 20. d5 Bh5 21. Rd3 Kh8
22. Be3 f4 23. Bd4 Rf5 24. Nf7+ Kg8 25. Nh6+ Kf8 26. Qh3 g4 27. Nxg4 exd5 28.
Ne3 Rg5 29. Nexd5 Bg4 30. Qh6+ Kf7 31. Qxh7+ Kf8 32. Re1 Bf5 33. Qh6+ 1-0